00512nam a2200205Ia 4500008004100000020001500041050001000056050001500066100002300081245002500104245002600129245002300155260001800178260001600196260000900212300001900221300001300240300001600253650003700269160319s9999 xx 000 0 und d a9712712516 a809.8 bOr65w 2002 aOrdonez, Victor M. aWith hearts aflame:  ba historical novel /  cVictor M. Ordonez. aPasig City :  bAnvil Pub., c2002 ax, 263 pages : billus ;  c22 cm., pbk aHistorical fiction, Philippines.